| 000 | 01351nam0a22003131 4500 | ||
|---|---|---|---|
| 001 | rc\2768485 | ||
| 005 | 20250810043443.0 | ||
| 035 | _a(NLR Aleph) 006894894 | ||
| 090 |
_a7186068 _c7186068 |
||
| 100 | _a20110915d1941 u y0rusy50 ca | ||
| 101 | 0 | _arus | |
| 102 | _aRU | ||
| 105 | _aa z ||||| | ||
| 200 | 1 |
_aТравмы черепа и их лечение _fПроф. М. С. Астров _gПод ред. доц. Б. И. Берлинера (отв. ред.), проф. Л. Я. Шаргородского, проф. М. И. Слонима... [и др.] |
|
| 210 |
_aТашкент _cТашМИ _d1941 |
||
| 215 |
_a21, [2] с. _cил. _d22 см. |
||
| 225 | 1 |
_aВ помощь военному врачу _fНаркомздрав УзССР. Ташкентск. мед. ин-т им. В. М. Молотова |
|
| 700 | 1 |
_aАстров _bМ.С. _f1882- _gМихаил Сергеевич |
|
| 702 | 1 |
_aШаргородский _bЛ.Я. _4340 |
|
| 702 | 1 |
_aБерлинер _bБ.И. _4340 |
|
| 702 | 1 |
_4340 _7ca _8rus _aСлоним _bМ. И. _f1875-1945 _gМоисей Ильич _9267695 _3RU\NLR\AUTH\770267751 |
|
| 801 | 0 |
_aRU _bNLR _gpsbo |
|
| 801 | 1 |
_aRU _bELAR _2rusmarc |
|
| 852 |
_aNLR _jМд40 Г-6/7 |
||
| 942 | _cBOOK | ||
| 945 | _aРоссийская национальная библиотека | ||
| 980 | _aNB | ||
| 980 | _aBV | ||